Municípios da Região Metropolitana do Contestado (SC) no mapa - Statistics

Estatísticas Gerais
  • Esse quiz foi jogado 48 vezes
    31 desde o último reset
  • A pontuação média é 28 de 45
Respostas no mapa
Respostas codificadas por cores de uma escala verde-vermelha no mapa do quiz de acordo com a % correta abaixo.
 
Estatísticas das Respostas
Município % Correto
Joaçaba
88%
Videira
88%
Campos Novos
81%
Catanduvas
81%
Concórdia
81%
Zortéa
81%
Água Doce
75%
Caçador
75%
Fraiburgo
75%
Irani
75%
Piratuba
75%
Treze Tílias
75%
Abdon Batista
69%
Alto Bela Vista
69%
Capinzal
69%
Erval Velho
69%
Herval d'Oeste
69%
Ipira
69%
Jaborá
69%
Lebon Régis
69%
Luzerna
69%
Ouro
69%
Peritiba
69%
Vargem
69%
Brunópolis
63%
Celso Ramos
63%
Ibicaré
63%
Ipumirim
63%
Vargem Bonita
63%
Arabutã
56%
Lindoia do Sul
56%
Calmon
50%
Ibiam
50%
Matos Costa
50%
Pinheiro Preto
50%
Presidente Castello Branco
50%
Arroio Trinta
44%
Lacerdópolis
44%
Macieira
44%
Salto Veloso
44%
Tangará
44%
Timbó Grande
44%
Iomerê
38%
Monte Carlo
38%
Rio das Antas
38%
Nenhum quiz correspondente encontrado
Distribuição das Pontuações
Porcentagem de Pessoas com Cada Pontuação
Percentil de Números Respondidos
Sua Pontuação Histórica
Você não jogou esse quiz desde o último reset